000
nam a22 7a 4500
999
_c
49034
_d
49034
003
OSt
005
20190912114442.0
008
190912b xxu||||| |||| 00| 0 eng d
040
_c
IIMT UNIVERSITY
100
_a
RAZDAN. B
245
_a
MEDICINAL CHEMISTRY
260
_a
NEW DELHI
_b
CBS PB
_c
2019
300
_a
1041
942
_2
ddc
_c
01